Kanadalaisten eniten vierailemat valtiot - Statistics

Yleistilastot
  • Tätä visaa on pelattu 1 142 kertaa
  • Keskiarvotulos 8 / 10
Vastaustilastot
Tuhannet Valtio % Oikein
20 702 Yhdysvallat
100%
1 926 Meksiko
95%
1 140 Ranska
94%
399 Espanja
90%
574 Saksa
87%
469 Italia
84%
1 192 Yhdistynyt Kuningaskunta
81%
723 Kiina
79%
800 Kuuba
48%
487 Dominikaaninen tasavalta
15%
Ehtoja vastaavia visoja ei löytynyt
Tulosjakauma
Jokaisen tuloksen saaneiden osuus
Persentiili vastausten määrän mukaan
Tuloshistoriasi
Et ole pelannut tätä visaa